Morelos en la memoria de Ario 1815 (Record no. 172789)

MARC details
000 -LEADER
fixed length control field 01031nam a22001937a 4500
005 - DATE AND TIME OF LATEST TRANSACTION
control field 20260520110925.0
008 - FIXED-LENGTH DATA ELEMENTS--GENERAL INFORMATION
fixed length control field 260519b mx ||||| |||| 00| 0 spa d
020 ## - INTERNATIONAL STANDARD BOOK NUMBER
International Standard Book Number 9686800549
050 04 - LIBRARY OF CONGRESS CALL NUMBER
Classification number KGF7740.7.A9
Item number M67 1999
245 00 - TITLE STATEMENT
Title Morelos en la memoria de Ario 1815
Remainder of title : Discursos conmemorativos de la instalación del primer Supremo Tribunal de Justicia de la Nación 1976-1999 : apéndice iconográfico
Statement of responsibility, etc / Recopilación: Estrella del Rocío López Maciel
250 ## - EDITION STATEMENT
Edition statement 1a ed.
260 ## - PUBLICATION, DISTRIBUTION, ETC. (IMPRINT)
Place of publication, distribution, etc México :
Name of publisher, distributor, etc Supremo Tribunal de Justicia y Consejo del Poder Judicial del Estado de Michoacán de Ocampo,
Date of publication, distribution, etc 1999
300 ## - PHYSICAL DESCRIPTION
Extent 206 páginas :
Other physical details ilustraciones ;
Dimensions 23 cm.
600 1# - SUBJECT ADDED ENTRY--PERSONAL NAME
Personal name Morelos, José María,
Dates associated with a name 1765-1815
General subdivision Conmemoraciones
650 #7 - SUBJECT ADDED ENTRY--TOPICAL TERM
Source of heading or term lemb
Topical term or geographic name as entry element Administración judicial
Geographic subdivision México
-- Michoacán de Ocampo
General subdivision Historia
Chronological subdivision Siglo XIX
651 #7 - SUBJECT ADDED ENTRY--GEOGRAPHIC NAME
Source of heading or term lemb
Geographic name Ario de Rosales
Geographic subdivision Michoacán de Ocampo (México)
General subdivision Supremo Tribunal de Justicia
-- Historia
Form subdivision Fuentes
700 1# - ADDED ENTRY--PERSONAL NAME
Personal name López Maciel, Estrella del Rocío,
Relator term compilador
942 ## - ADDED ENTRY ELEMENTS (KOHA)
Source of classification or shelving scheme Biblioteca del Cogreso de los Estados Unidos
Koha item type Libro
Holdings
Estado de pérdida Fuente de clasificación Estado del daño No para préstamo Ubicación permanente Ubicación actual Apartado o colección Fecha de adquisición Fuente de adquisición Edición Dependencia de educación superior (DES) Área del conocimiento Total Checkouts Clasificación Código de Barras Date last seen Número de copia Costo por reposición Tipo de recurso
  Biblioteca del Cogreso de los Estados Unidos     Biblioteca del Instituto de Investigaciones Históricas Biblioteca del Instituto de Investigaciones Históricas Fondo Michoacán 19/05/2026 Donación 1a ed. Humanidades Ciencias Sociales y Administrativas   KGF7740.7.A9 M67 1999 IIH000037741 19/05/2026 1 1.00 Libro